Medical-Surgical Nursing / Assessment and Management of Clinical Problems (Record no. 741)

000 -LEADER
fixed length control field 00803nam a22002657a 4500
003 - CONTROL NUMBER IDENTIFIER
control field OSt
005 - DATE AND TIME OF LATEST TRANSACTION
control field 20210422050336.0
008 - FIXED-LENGTH DATA ELEMENTS--GENERAL INFORMATION
fixed length control field 201221s2000 ||||| |||| 00| 0 eng d
020 ## - INTERNATIONAL STANDARD BOOK NUMBER
International Standard Book Number 0323002595
020 ## - INTERNATIONAL STANDARD BOOK NUMBER
International Standard Book Number 0323002587
040 ## - CATALOGING SOURCE
Original cataloging agency eng
Language of cataloging eng
Transcribing agency DLC
041 ## - LANGUAGE CODE
Language code of text/sound track or separate title eng
080 ## - UNIVERSAL DECIMAL CLASSIFICATION NUMBER
Universal Decimal Classification number 616-08
Item number O-16
100 ## - MAIN ENTRY--PERSONAL NAME
9 (RLIN) 565
Personal name O'Brien, Patricia
245 ## - TITLE STATEMENT
Title Medical-Surgical Nursing / Assessment and Management of Clinical Problems
Remainder of title : Study Guide to Accompany
Statement of responsibility, etc. / by: Mosby
250 ## - EDITION STATEMENT
Edition statement 5th edition
260 ## - PUBLICATION, DISTRIBUTION, ETC.
Place of publication, distribution, etc. St. Louis
Name of publisher, distributor, etc. Mosby
Date of publication, distribution, etc. 2000
300 ## - PHYSICAL DESCRIPTION
Extent 612 p.
Other physical details ill.
650 #0 - SUBJECT ADDED ENTRY--TOPICAL TERM
9 (RLIN) 285
Topical term or geographic name entry element Patient Care
653 ## - INDEX TERM--UNCONTROLLED
Uncontrolled term პაციენტის მოვლა
700 ## - ADDED ENTRY--PERSONAL NAME
9 (RLIN) 566
Personal name Lewis, Mantik Sharon
700 ## - ADDED ENTRY--PERSONAL NAME
9 (RLIN) 567
Personal name Heitkemper, McLean Margaret
700 ## - ADDED ENTRY--PERSONAL NAME
9 (RLIN) 568
Personal name Dirksen, Ruff Shannon
942 ## - ADDED ENTRY ELEMENTS (KOHA)
Source of classification or shelving scheme
Koha item type Books
Edition 5
Holdings
Withdrawn status Lost status Source of classification or shelving scheme Damaged status Not for loan Permanent location Current location Date acquired Inventory number Total Checkouts Full call number Barcode Date last seen Price effective from Koha item type
          Ken Walker International University Ken Walker International University 12/21/2020 2160   616-08 O-16 2160 12/21/2020 12/21/2020 Books

Powered by Koha